| 000 | 00000cas 2200000zi 4500 |
| 001 | 9.943081 |
| 003 | CaOODSP |
| 005 | 20260513073441 |
| 006 | m o d f |
| 007 | cr cn |||||||| |
| 008 | 240910c20259999oncmr p o f0###a0eng|d |
| 022 | |a2818-6230 |
| 040 | |aCaOODSP|beng|erda|cCaOODSP |
| 043 | |an-cn-bc |
| 086 | 1 |aFs74-72E-PDF |
| 222 | 0|aCanadian sailing directions. PAC 203, Cape Caution to Stewart and Haida Gwaii |
| 245 | 00|aCanadian sailing directions. |nPAC 203, |pCape Caution to Stewart and Haida Gwaii / |cCanadian Hydrographic Service. |
| 246 | 30|aCape Caution to Stewart and Haida Gwaii |
| 264 | 1|aOttawa, Ontario, Canada : |bFisheries and Oceans Canada = Pêches et océans Canada, |c[2025]- |
| 310 | |aMonthly |
| 336 | |atext|btxt|2rdacontent |
| 337 | |acomputer|bc|2rdamedia |
| 338 | |aonline resource|bcr|2rdacarrier |
| 362 | 1 |aBegan with: 2025/01. |
| 500 | |aIssued also in French under title: Instructions nautiques du Canada. PAC 203, Cape Caution à Stewart et Haida Gwaii. |
| 588 | |aDescription based on: 2025/01; title from PDF cover page. |
| 588 | |aLatest issue consulted: 2025/01. |
| 650 | 0|aNavigation|zBritish Columbia|zHaida Gwaii|vPeriodicals. |
| 655 | 7|aPeriodicals|2lcgft |
| 710 | 2 |aCanadian Hydrographic Service, |eissuing body. |
| 710 | 1 |aCanada. |bDepartment of Fisheries and Oceans, |eissuing body. |
| 775 | 08|tInstructions nautiques du Canada. |w(CaOODSP)9.943080 |